000 00539nam a22001697a 4500
003 OSt
005 20260305105913.0
008 260305b |||||||| |||| 00| 0 eng d
040 _cMRSPTU
041 _aEnglish
100 _aRamandeep Singh Sidhu, Supervisor: Dr. Manjeet Bansal
245 _aMunicipal Solid Waste Management in Bathinda-A Case Study
260 _bDepartment of Civil Engg. MRSPTU, Bathinda
_c2016
650 _aCivil Engineering
856 _uhttp://163.47.215.52:8080/jspui/handle/123456789/295
942 _2ddc
_cTH
_n0
999 _c11069
_d11069